The Finnish parliament : (Record no. 2257)
[ view plain ]
| 000 -LEADER | |
|---|---|
| fixed length control field | 01027cam a22003015a 4500 |
| 001 - CONTROL NUMBER | |
| control field | 41303 |
| 003 - CONTROL NUMBER IDENTIFIER | |
| control field | OSt |
| 005 - DATE AND TIME OF LATEST TRANSACTION | |
| control field | 20230621152010.0 |
| 008 - FIXED-LENGTH DATA ELEMENTS--GENERAL INFORMATION | |
| fixed length control field | 920317s1990 fi a b f000 0 eng |
| 010 ## - LIBRARY OF CONGRESS CONTROL NUMBER | |
| LC control number | 92132730 |
| 020 ## - INTERNATIONAL STANDARD BOOK NUMBER | |
| International Standard Book Number | 951474411X |
| 040 ## - CATALOGING SOURCE | |
| Original cataloging agency | DLC |
| Transcribing agency | DLC |
| 041 1# - LANGUAGE CODE | |
| Language code of text/sound track or separate title | eng |
| Language code of original | fin |
| 043 ## - GEOGRAPHIC AREA CODE | |
| Geographic area code | e-fi--- |
| 082 ## - DEWEY DECIMAL CLASSIFICATION NUMBER | |
| Classification number | 328.48 |
| Item number | HAK |
| 130 0# - MAIN ENTRY--UNIFORM TITLE | |
| Uniform title | Suomen eduskunta. |
| Language of a work | English. |
| 245 14 - TITLE STATEMENT | |
| Title | The Finnish parliament : |
| Remainder of title | its background, operations, and building / |
| Statement of responsibility, etc. | [editors Liisa-Maria Hakala, Pekka Suhonen ; translation, the English Centre Helsinki]. |
| 260 ## - PUBLICATION, DISTRIBUTION, ETC. (IMPRINT) | |
| Place of publication, distribution, etc. | [Helsinki] : |
| Name of publisher, distributor, etc. | Eduskunta, |
| Date of publication, distribution, etc. | c1990. |
| 300 ## - PHYSICAL DESCRIPTION | |
| Extent | 156 p. : |
| Other physical details | ill. (some col.) ; |
| Dimensions | 30 cm. |
| 500 ## - GENERAL NOTE | |
| General note | Translation of: Suomen eduskunta. |
| 504 ## - BIBLIOGRAPHY, ETC. NOTE | |
| Bibliography, etc | Includes bibliographical references (p. 155-157). |
| 610 10 - SUBJECT ADDED ENTRY--CORPORATE NAME | |
| Corporate name or jurisdiction name as entry element | Finland. |
| Subordinate unit | Eduskunta. |
| 700 1# - ADDED ENTRY--PERSONAL NAME | |
| Personal name | Hakala-Zilliacus, Liisa-Maria. |
| 700 1# - ADDED ENTRY--PERSONAL NAME | |
| Personal name | Suhonen, Pekka. |
| 906 ## - LOCAL DATA ELEMENT F, LDF (RLIN) | |
| a | 7 |
| b | ibc |
| c | orignew |
| d | 2 |
| e | ncip |
| f | 19 |
| g | y-gencatlg |
| 942 ## - ADDED ENTRY ELEMENTS (KOHA) | |
| Source of classification or shelving scheme | Dewey Decimal Classification |
| Koha item type | Books |
| Withdrawn status | Lost status | Source of classification or shelving scheme | Damaged status | Not for loan | Home library | Current library | Date acquired | Total Checkouts | Full call number | Barcode | Date last seen | Price effective from | Koha item type |
|---|---|---|---|---|---|---|---|---|---|---|---|---|---|
| Dewey Decimal Classification | County Hall Archives | County Hall Archives | 06/21/2023 | 328.48 HAK | 10001481 | 06/21/2023 | 06/21/2023 | Books |
